Statistiche per Paesi che iniziano con la S

Clicka qui per fare il quiz!

Statistiche generali

  • Questo quiz è stato fatto 22.931 volte
  • Il punteggio medio è 16 su 25

Statistiche sulle risposte

Paese% Corretto
Svezia
92%
Slovenia
80%
Svizzera
80%
Serbia
79%
Spagna
79%
Slovacchia
77%
Sudan
76%
Somalia
71%
Senegal
66%
Siria
66%
San Marino
65%
Sudafrica
65%
Suriname
65%
Sud Sudan
63%
Singapore
61%
Sri Lanka
59%
Stati Uniti
56%
Saint Lucia
55%
Samoa
54%
Seychelles
50%
Swaziland
49%
Saint Kitts e Nevis
48%
Saint Vincent e Grenadine
47%
Sao Tome e Principe
44%
Sierra Leone
43%

Distribuzione punteggi

Percentile per numero di risposta

Percentuale di utenti per punteggio

I tuoi punteggi nel tempo

Non hai fatto questo quiz